000 00494nam a22001817a 4500
005 20240109091024.0
008 160120b xxu||||| |||| 00| 0 eng d
020 _a185497274
040 _aLoreto College
082 _a428
_bEVA
100 _aEvans, David
_qDavid Evans
245 _aMake or Break,
_cSuccesses & Failures from the Business World,
_bDavid Evans
260 _aLondon
_bBBC english
300 _a64p.
650 _aStandard English usage
850 _aLCLIB
942 _cBK
999 _c40439
_d90918